=LDR 00000nam 2200000 4500 =001 INLIS000000000027987 =005 20130612130325 =008 ***********************************Ind** =035 ##$$0010-061300000027987 =041 ##$$a Ind =082 ##$$a F Rom D =090 ##$$a F Rom D, Per p =100 ##$$a Mira W =245 ##$$a Perempuan kedua, Mira W =260 ##$$a 2000 $b Jakarta =300 ##$$a 264 hlm, 21 cm =650 ##$$a Fiksi Dewasa =850 ##$$a NBPNMAT